[Event "CAT-chT Honor Division 2019"]
[Site "Catalonia"]
[Date "2019.02.23"]
[Round "6.3"]
[White "Valle Maytin, Luis Enrique"]
[Black "Sosa, Tomas"]
[Result "0-1"]
[WhiteElo "2285"]
[BlackElo "2499"]
[Annotator "ChessBase"]
[PlyCount "92"]
[EventDate "2019.01.16"]
[EventType "team-tourn"]
[EventCountry "ESP"]
[SourceTitle "playchess.com"]
[Source "ChessBase"]
[SourceQuality "1"]
[WhiteTeam "Gerunda"]
[BlackTeam "Mollet"]
[TimeControl "5400+30"]

1. d4 g6 {[%emt 0:00:09]} 2. Nf3 {[%emt 0:00:00]} Bg7 {[%emt 0:00:07]} 3. g3 b5 4. Bg2 {[%emt 0:01:29]} Bb7 {[%emt 0:01:33]} 5. O-O {[%emt 0:00:03]} Nf6 {[%emt 0:00:54]} 6. Nbd2 {[%emt 0:01:57]} O-O {[%emt 0:09:44]} 7. Re1 {[%emt 0:11:59]} d6 {[%emt 0:08:01]} 8. c4 {[%emt 0:06:35]} bxc4 {[%emt 0:02:55]} 9. Nxc4 {[%emt 0:00:08]} Nbd7 {[%emt 0:00:18]} 10. b3 {[%emt 0:10:06]} a5 11. Bb2 {[%emt 0:00:46]} Qb8 {[%emt 0:15:47]} 12. Ncd2 {[%emt 0:17:37]} c5 {[%emt 0:06:00]} 13. Rc1 {[%emt 0:01:26]} cxd4 {[%emt 0:03:17]} 14. Bxd4 {[%emt 0:03:26]} e5 {[%emt 0:05:31]} 15. Ba1 {[%emt 0:03:11]} d5 {[%emt 0:10:31]} 16. e3 {[%emt 0:02:47]} Ra7 {[%emt 0:06:59]} 17. Qc2 {[%emt 0:06:35]} Ba8 {[%emt 0:00:07]} 18. Red1 {[%emt 0:02:28]} Re8 {[%emt 0:02:29]} 19. Bc3 {[%emt 0:06:55]} h5 {[%emt 0:03:57]} 20. Qb2 {[%emt 0:02:26]} Bh6 {[%emt 0:00:53]} 21. Rc2 {[%emt 0:04:55]} Ra6 {[%emt 0:07:16]} 22. Ne1 {[%emt 0:09:53]} Ng4 {[%emt 0:05:04]} 23. Nf1 {[%emt 0:00:30]} Ngf6 {[%emt 0:04:05]} 24. Nd2 {[%emt 0:03:00]} h4 {[%emt 0:01:56]} 25. Nf1 {[%emt 0:00:54]} hxg3 {[%emt 0:01:30]} 26. hxg3 {[%emt 0:00:02]} Bg7 {[%emt 0:02:59]} 27. Rcd2 {[%emt 0:01:42]} Nc5 {[%emt 0:00:29]} 28. Nd3 {[%emt 0:00:41]} Nxd3 {[%emt 0:00:23]} 29. Rxd3 {[%emt 0:00:02]} d4 {[%emt 0:00:45]} 30. exd4 {[%emt 0:00:32]} Bxg2 {[%emt 0:00:03]} 31. Kxg2 {[%emt 0:00:09]} e4 {[%emt 0:00:15]} 32. R3d2 {[%emt 0:01:19]} e3 {[%emt 0:01:04]} 33. fxe3 {[%emt 0:00:35]} Ne4 {[%emt 0:00:09]} 34. Re2 {[%emt 0:01:06]} Rf6 {[%emt 0:00:48]} 35. Be1 {[%emt 0:00:28]} Qb7 {[%emt 0:00:02]} 36. Kg1 {[%emt 0:00:55]} Ng5 {[%emt 0:00:58]} 37. Nd2 {[%emt 0:00:41]} Re4 {[%emt 0:00:50]} 38. Bf2 {[%emt 0:00:51]} Nh3+ {[%emt 0:00:13]} 39. Kh2 {[%emt 0:00:14]} Nxf2 {[%emt 0:00:30]} 40. Nxe4 {[%emt 0:00:10]} Nxe4 {[%emt 0:00:18]} 41. Qc2 {[%emt 0:00:23]} Qd5 {[%emt 0:00:43]} 42. Rg2 {[%emt 0:00:50]} Qh5+ {[%emt 0:00:40]} 43. Kg1 {[%emt 0:00:02]} Ng5 {[%emt 0:00:09]} 44. Qc8+ {[%emt 0:01:35]} Bf8 {[%emt 0:00:05]} 45. g4 {[%emt 0:00:08]} Qh4 {[%emt 0:00:20]} 46. Rf1 {[%emt 0:00:55]} Nh3+ {[%emt 0:00:06]} 0-1

[Event "CAT-chT Honor Division 2019"]
[Site "Catalonia"]
[Date "2019.02.23"]
[Round "6.3"]
[White "Boix Moreno, Daniel"]
[Black "Sabria Batlle, Pol"]
[Result "0-1"]
[WhiteElo "2225"]
[BlackElo "2284"]
[Annotator "NA"]
[PlyCount "72"]
[EventDate "2019.01.16"]
[EventType "team-tourn"]
[EventCountry "ESP"]
[SourceTitle "playchess.com"]
[Source "ChessBase"]
[SourceQuality "1"]
[WhiteTeam "CE Tres Peons"]
[BlackTeam "CE Olot"]
[TimeControl "5400+30"]

1. e4 e5 2. Nf3 Nc6 3. Bb5 a6 4. Ba4 Nf6 5. d3 b5 6. Bb3 Be7 7. a4 b4 8. Nbd2 d6 9. a5 O-O 10. O-O Rb8 11. Re1 h6 12. h3 Re8 13. Nc4 Bf8 14. Bd2 Na7 15. d4 Nc6 16. d5 Ne7 17. Ncxe5 dxe5 18. Nxe5 Nd7 19. Nxf7 Kxf7 20. Qh5+ Kg8 21. d6+ Kh7 22. dxc7 Qxc7 23. Qxe8 Bb7 24. Qh5 Nf6 25. Qf7 Qe5 26. f3 Ng6 27. Be3 Nh4 28. Bf2 Bc5 29. Re2 Nxf3+ 30. gxf3 Qg3+ 31. Kf1 Qxf3 32. Ke1 Bxf2+ 33. Rxf2 Qh1+ 34. Rf1 Qxe4+ 35. Kd2 Qg2+ 36. Ke3 Re8+ 0-1

[Event "CAT-chT Honor Division 2019"]
[Site "Catalonia"]
[Date "2019.02.23"]
[Round "6.4"]
[White "Garriga Cazorla, Pere"]
[Black "Mayo Casademont, Marti"]
[Result "1-0"]
[WhiteElo "2445"]
[BlackElo "2284"]
[Annotator "TA"]
[PlyCount "71"]
[EventDate "2019.01.16"]
[EventType "team-tourn"]
[EventCountry "ESP"]
[SourceTitle "playchess.com"]
[Source "ChessBase"]
[SourceQuality "1"]
[WhiteTeam "Mollet"]
[BlackTeam "Gerunda"]

{[%evp 29,71,9,12,0,0,0,7,5,27,0,0,0,0,0,0,0,0,0,0,0,0,0,0,2,0,6,0,0,0,0,338,329,406,402,618,635,601,476,568,565,628,604,4994,2933]} 1. Nf3 d5 2. c4 e6 3. d4 c6 4. Nc3 dxc4 5. a4 Bb4 6. e3 b5 7. Bd2 a5 8. axb5 Bxc3 9. Bxc3 cxb5 10. b3 Bb7 11. bxc4 b4 12. Bb2 Nf6 13. Bd3 O-O 14. O-O Nbd7 {[%cal Bb8d7,Bd7c5,Bc5d3][%mdl 32]} 15. Nd2 Qc7 16. f4 {[#] D31: Queen's Gambit Declined: Semi-Slav without ...Nf6 (+ Marshall Gambit and Noteboom) and Exchange Variation lines without ...Nf6} a4 $1 {[%mdl 512]} 17. Rb1 (17. Rxa4 Qc6) 17... Rfd8 18. Qe2 {The position is equal.} Qd6 (18... b3 19. Ba1 Nf8 20. e4 N6d7 21. Kh1 Re8 22. Qg4 Ng6 23. Qg3 Rad8 {½-½ (47) Andreikin,D (2737)-Tomashevsky,E (2716) Tbilisi 2015}) 19. e4 {And now e5 would win.} Nc5 $1 {[%cal Rc5d3]} 20. e5 {[%mdl 64] Double Attack} Qc6 21. exf6 Nxd3 22. Ba1 $1 {Black should prevent f5.} b3 23. Rf3 b2 $146 ({Predecessor:} 23... Nb4 24. Qe5 g6 25. Qg5 Qd6 26. Rh3 Qf8 27. Rh6 Kh8 28. Qh4 Qg8 29. d5 Bxd5 30. cxd5 {½-½ (30) Schlick,S (1888)-Terhuven,P (2138) Willingen 2017}) 24. Rxd3 ({Much weaker is} 24. Qxd3 bxa1=B 25. Rxa1 Qd6 $17) 24... bxa1=Q 25. Rxa1 gxf6 {[#]} 26. f5 $1 {[%mdl 512] next Qf2 is good for White.} Kh8 (26... exf5 27. Qf2) 27. fxe6 $40 {[%mdl 128] White has some attack.} fxe6 28. Qf2 Rf8 29. Rf3 Rg8 $2 {[%mdl 8192]} (29... f5 $11 {and Black is okay.}) 30. d5 $1 $18 {[%cal Rd5c6]} exd5 31. Rxf6 Qc8 (31... Qe8 $142 32. Re1 Qd8) 32. Rf7 {White threatens Qf6+ and mate.White is clearly winning.} Qg4 33. h3 ({Less strong is} 33. Rxb7 Raf8 $14) 33... Qg6 34. Rxb7 Raf8 35. Qd4+ Rf6 {[%csl Gg8][%cal Rg6g2]} 36. g4 {Accuracy: White = 83%, Black = 65%.} 1-0

[Event "CAT-chT Honor Division 2019"]
[Site "Catalonia"]
[Date "2019.02.23"]
[Round "6.4"]
[White "Aymerich Verdaguer, Eduard"]
[Black "Gonzalez Verges, Alex"]
[Result "1-0"]
[WhiteElo "2204"]
[BlackElo "2223"]
[Annotator "NA"]
[PlyCount "69"]
[EventDate "2019.01.16"]
[EventType "team-tourn"]
[EventCountry "ESP"]
[SourceTitle "playchess.com"]
[Source "ChessBase"]
[SourceQuality "1"]
[WhiteTeam "CE Olot"]
[BlackTeam "CE Tres Peons"]
[TimeControl "5400+30"]

1. d4 Nf6 2. c4 g6 3. Nc3 Bg7 4. e4 d6 5. Be2 Nbd7 6. Nf3 e5 7. dxe5 dxe5 8. h3 O-O 9. Be3 c6 10. Nd2 Qe7 11. O-O Nc5 12. Bxc5 Qxc5 13. Qa4 a5 14. Qc2 Bh6 15. Nb3 Qe7 16. Na4 Be6 17. Rad1 Rfd8 18. Rxd8+ Rxd8 19. Qc3 Qb4 20. Qxe5 Nd7 21. Qc7 Ra8 22. Nd4 Nf8 23. b3 Bg7 24. Rd1 Bxd4 25. Rxd4 Rc8 26. Qd6 Qe1+ 27. Bf1 Re8 28. Nb6 Bc8 29. c5 Ne6 30. Rd2 Nxc5 31. Rd1 Qb4 32. Nxc8 Rxc8 33. Bc4 Re8 34. Qf6 Rf8 35. Bxf7+ 1-0

[Event "CAT-chT Honor Division 2019"]
[Site "Catalonia"]
[Date "2019.02.23"]
[Round "6.5"]
[White "Moll, Arne"]
[Black "Triadu Cassa, Jordi"]
[Result "1/2-1/2"]
[WhiteElo "2189"]
[BlackElo "2133"]
[Annotator "NA"]
[PlyCount "43"]
[EventDate "2019.01.16"]
[EventType "team-tourn"]
[EventCountry "ESP"]
[SourceTitle "playchess.com"]
[Source "ChessBase"]
[SourceQuality "1"]
[WhiteTeam "CE Tres Peons"]
[BlackTeam "CE Olot"]
[TimeControl "5400+30"]

1. b3 d5 2. Bb2 c6 3. e3 Nf6 4. f4 g6 5. Be2 Bg7 6. Nf3 Bg4 7. O-O O-O 8. c4 e6 9. h3 Bxf3 10. Bxf3 Nbd7 11. Nc3 Ne4 12. Bxe4 dxe4 13. Ba3 c5 14. Qc2 f5 15. Rad1 Qa5 16. Bb2 Rad8 17. d3 exd3 18. Rxd3 Nb8 19. Rfd1 Nc6 20. a3 Rxd3 21. Rxd3 Rd8 22. Qd2 1/2-1/2

[Event "CAT-chT Honor Division 2019"]
[Site "Catalonia"]
[Date "2019.02.23"]
[Round "6.5"]
[White "Medina Masdeu, Rasen"]
[Black "Rios, Cristhian Camilo"]
[Result "0-1"]
[WhiteElo "2160"]
[BlackElo "2482"]
[Annotator "RC"]
[PlyCount "112"]
[EventDate "2019.01.16"]
[EventType "team-tourn"]
[EventCountry "ESP"]
[SourceTitle "playchess.com"]
[Source "ChessBase"]
[SourceQuality "1"]
[WhiteTeam "Gerunda"]
[BlackTeam "Mollet"]
[TimeControl "5400+30"]

1. e4 c5 {[%emt 0:00:00]} 2. Nf3 {[%emt 0:00:35]} Nc6 3. d4 {[%emt 0:01:52]} cxd4 {[%emt 0:01:15]} 4. Nxd4 {[%emt 0:00:05]} Nf6 {[%emt 0:00:22]} 5. Nc3 {[%emt 0:01:29]} e5 {[%emt 0:00:37]} 6. Ndb5 {[%emt 0:00:43]} d6 {[%emt 0:00:12]} 7. Bg5 {[%emt 0:00:55]} a6 {[%emt 0:00:32]} 8. Na3 {[%emt 0:00:08]} b5 {[%emt 0:00:08]} 9. Nd5 {[%emt 0:11:48]} Be7 {[%emt 0:01:28]} 10. Bxf6 {[%emt 0:00:26]} Bxf6 {[%emt 0:00:09]} 11. c3 {[%emt 0:01:37]} Bg5 {[%emt 0:00:48]} 12. g3 {[%emt 0:02:35]} O-O {[%emt 0:00:41]} 13. Bg2 {[%emt 0:02:44]} Rb8 {[%emt 0:01:46]} 14. h4 {[%emt 0:15:49]} Bh6 {[%emt 0:00:24]} 15. O-O {[%emt 0:00:05]} a5 {[%emt 0:01:48]} 16. Nc2 {[%emt 0:02:34]} Ne7 {[%emt 0:05:43]} 17. Nde3 {[%emt 0:09:14]} Bxe3 {[%emt 0:04:30]} 18. Nxe3 {[%emt 0:01:15]} Be6 {[%emt 0:00:07]} 19. Qd3 {[%emt 0:05:45]} Qb6 {[%emt 0:00:14]} 20. Rfd1 {[%emt 0:02:11]} Rfd8 {[%emt 0:00:14]} 21. Rd2 {[%emt 0:00:56]} Qc5 {[%emt 0:00:09]} 22. Kh2 {[%emt 0:08:16]} Rbc8 {[%emt 0:08:13]} 23. Bh3 {[%emt 0:01:22]} b4 {[%emt 0:01:40]} 24. c4 {[%emt 0:01:27]} Nc6 {[%emt 0:00:08]} 25. b3 {[%emt 0:01:02]} a4 {[%emt 0:01:12]} 26. Nc2 {[%emt 0:01:50]} Ra8 {[%emt 0:00:59]} 27. Rad1 {[%emt 0:05:44]} Na5 {[%emt 0:01:28]} 28. Qf3 {[%emt 0:02:25]} Qb6 {[%emt 0:02:33]} 29. h5 {[%emt 0:00:35]} h6 {[%emt 0:00:07]} 30. Ne1 {[%emt 0:05:00]} Nb7 {[%emt 0:04:33]} 31. Ng2 {[%emt 0:06:08]} Nc5 {[%emt 0:04:17]} 32. Bxe6 {[%emt 0:00:02]} fxe6 {[%emt 0:00:12]} 33. Qe3 {[%emt 0:00:06]} axb3 {[%emt 0:00:58]} 34. axb3 {[%emt 0:00:01]} Qc6 {[%emt 0:01:22]} 35. f3 {[%emt 0:01:01]} Ra3 {[%emt 0:00:15]} 36. Rb1 {[%emt 0:00:09]} Qe8 {[%emt 0:00:15]} 37. g4 {[%emt 0:00:22]} Qe7 {[%emt 0:00:06]} 38. Kg3 {[%emt 0:00:55]} Rb8 {[%emt 0:13:25]} 39. Nh4 {[%emt 0:00:53]} Qg5 {[%emt 0:00:03]} 40. Re2 {[%emt 0:00:14]} Qf4+ {[%emt 0:02:08]} 41. Kh3 {[%emt 0:01:20]} Qxe3 {[%emt 0:08:12]} 42. Rxe3 {[%emt 0:00:02]} Kf7 {[%emt 0:00:11]} 43. Ng2 {[%emt 0:00:50]} Ra2 {[%emt 0:09:01]} 44. f4 {[%emt 0:02:39]} Rxg2 {[%emt 0:06:10]} 45. Kxg2 {[%emt 0:00:01]} exf4 {[%emt 0:00:10]} 46. Rf3 {[%emt 0:00:00]} e5 {[%emt 0:00:02]} 47. Ra1 {[%emt 0:00:24]} Rb7 {[%emt 0:03:25]} 48. Ra8 {[%emt 0:00:34]} Nxe4 {[%emt 0:02:33]} 49. Rd8 {[%emt 0:00:28]} Ke7 {[%emt 0:01:50]} 50. Rg8 {[%emt 0:00:21]} Kf6 {[%emt 0:00:15]} 51. Rd3 {[%emt 0:00:13]} Kg5 {[%emt 0:00:11]} 52. Rd8 {[%emt 0:04:48]} Kxg4 {[%emt 0:00:38]} 53. R8xd6 {[%emt 0:00:10]} Nxd6 {[%emt 0:00:08]} 54. Rxd6 {[%emt 0:00:04]} Ra7 {[%emt 0:01:16]} 55. Rg6+ {[%emt 0:00:37]} Kxh5 {[%emt 0:00:08]} 56. Rb6 {[%emt 0:00:07]} Kg4 {[%emt 0:00:22]} 0-1

[Event "CAT-chT Honor Division 2019"]
[Site "Catalonia"]
[Date "2019.02.23"]
[Round "6.6"]
[White "Lever, Erwan"]
[Black "Gonzalez Garcia, Marc"]
[Result "1-0"]
[WhiteElo "2275"]
[BlackElo "2177"]
[Annotator "NA"]
[PlyCount "144"]
[EventDate "2019.01.16"]
[EventType "team-tourn"]
[EventCountry "ESP"]
[SourceTitle "playchess.com"]
[Source "ChessBase"]
[SourceQuality "1"]
[WhiteTeam "CE Olot"]
[BlackTeam "CE Tres Peons"]
[TimeControl "5400+30"]

1. d4 d5 2. c4 e6 3. Nf3 Nf6 4. g3 Bb4+ 5. Bd2 Be7 6. Bg2 O-O 7. O-O c6 8. Qc2 Nbd7 9. Rd1 Ne4 10. Bf4 g5 11. Bc1 f5 12. Nc3 Nd6 13. cxd5 exd5 14. Ne5 Nb6 15. f4 g4 16. b4 a6 17. Rb1 Be6 18. a4 Rc8 19. Qd3 Nbc4 20. b5 axb5 21. axb5 Bf6 22. bxc6 bxc6 23. Na4 Bxe5 24. dxe5 Ne4 25. Ba3 Rf7 26. Bb4 c5 27. Bxe4 fxe4 28. Qxc4 dxc4 29. Rxd8+ Rxd8 30. Nxc5 Bf5 31. Rc1 Rb8 32. Rxc4 Rc7 33. Ba3 e3 34. Rc3 Rb1+ 35. Bc1 Bc8 36. Kf1 Kf7 37. Ke1 h5 38. Kd1 Bf5 39. Rc4 Ke7 40. Rc3 Rc6 41. Na4 Rxc3 42. Nxc3 Rb3 43. Nd5+ Ke6 44. Nxe3 Be4 45. Kd2 Rb1 46. Nd1 Rb7 47. Nc3 Rd7+ 48. Ke3 Ba8 49. Bd2 Bc6 50. Be1 Kf5 51. Kf2 Rb7 52. Nd1 Rb3 53. Ne3+ Ke4 54. Nc4 Kf5 55. Nd6+ Ke6 56. Ba5 Kd5 57. Nf5 Ke4 58. Ng7 Bb5 59. Nxh5 Rb2 60. Nf6+ Kf5 61. Ke3 Rxe2+ 62. Kd4 Rxh2 63. Nd5 Re2 64. Bb4 Be8 65. Ne7+ Ke6 66. f5+ Kf7 67. Nd5 Bd7 68. Nf4 Rb2 69. Bc3 Rb1 70. e6+ Bxe6 71. fxe6+ Kf6 72. Ke4+ Ke7 1-0

[Event "CAT-chT Honor Division 2019"]
[Site "Catalonia"]
[Date "2019.02.23"]
[Round "6.6"]
[White "Fernandez Diaz, Cristian"]
[Black "Molina Carretero, Daniel"]
[Result "1-0"]
[WhiteElo "2224"]
[BlackElo "2114"]
[Annotator "NA"]
[PlyCount "103"]
[EventDate "2019.01.16"]
[EventType "team-tourn"]
[EventCountry "ESP"]
[SourceTitle "playchess.com"]
[Source "ChessBase"]
[SourceQuality "1"]
[WhiteTeam "Mollet"]
[BlackTeam "Gerunda"]
[TimeControl "5400+30"]

1. d4 Nf6 {[%emt 0:00:00]} 2. Bg5 {[%emt 0:00:00]} e6 {[%emt 0:00:38]} 3. e4 {[%emt 0:00:00]} h6 {[%emt 0:00:37]} 4. Bxf6 {[%emt 0:00:00]} Qxf6 5. c3 {[%emt 0:00:00]} d6 {[%emt 0:01:41]} 6. Bd3 g5 {[%emt 0:05:47]} 7. Ne2 {[%emt 0:00:47]} Bg7 {[%emt 0:02:24]} 8. Ng3 {[%emt 0:01:18]} e5 {[%emt 0:02:48]} 9. d5 Qg6 {[%emt 0:15:17]} 10. Na3 {[%emt 0:17:00]} h5 {[%emt 0:02:08]} 11. Bb5+ {[%emt 0:05:38]} Kd8 {[%emt 0:26:43]} 12. h4 {[%emt 0:10:33]} Bg4 {[%emt 0:07:08]} 13. Be2 {[%emt 0:01:36]} gxh4 {[%emt 0:06:10]} 14. Rxh4 {[%emt 0:02:20]} Bf6 {[%emt 0:01:25]} 15. Rh2 {[%emt 0:00:54]} h4 {[%emt 0:01:58]} 16. Bxg4 {[%emt 0:03:03]} hxg3 {[%emt 0:00:12]} 17. Rxh8+ {[%emt 0:00:13]} Bxh8 {[%emt 0:00:18]} 18. Qf3 {[%emt 0:01:34]} gxf2+ {[%emt 0:05:23]} 19. Kxf2 {[%emt 0:00:18]} Qf6 {[%emt 0:13:25]} 20. Rh1 {[%emt 0:01:44]} Na6 {[%emt 0:01:30]} 21. Rh7 {[%emt 0:11:32]} Ke7 {[%emt 0:00:56]} 22. b4 {[%emt 0:03:03]} Rg8 {[%emt 0:02:34]} 23. Bh5 {[%emt 0:02:52]} Bg7 {[%emt 0:00:23]} 24. Qxf6+ {[%emt 0:02:07]} Kxf6 {[%emt 0:00:09]} 25. Bg4 {[%emt 0:00:50]} c6 {[%emt 0:01:12]} 26. dxc6 {[%emt 0:05:59]} bxc6 {[%emt 0:00:03]} 27. Bd7 {[%emt 0:02:48]} Nb8 {[%emt 0:00:20]} 28. Bf5 {[%emt 0:00:36]} Ke7 {[%emt 0:01:45]} 29. Nc4 {[%emt 0:01:36]} Bf6 {[%emt 0:00:35]} 30. a4 {[%emt 0:03:27]} Bg5 {[%emt 0:00:38]} 31. g4 {[%emt 0:01:29]} Bf6 {[%emt 0:00:14]} 32. b5 {[%emt 0:02:19]} cxb5 {[%emt 0:00:35]} 33. Ne3 {[%emt 0:00:32]} Bg5 {[%emt 0:00:38]} 34. Nd5+ {[%emt 0:00:23]} Kf8 {[%emt 0:00:34]} 35. axb5 {[%emt 0:00:14]} Bd8 {[%emt 0:00:15]} 36. Rh1 {[%emt 0:01:43]} Kg7 {[%emt 0:00:43]} 37. Rh7+ {[%emt 0:01:56]} Kf8 {[%emt 0:00:02]} 38. Kg2 {[%emt 0:00:22]} Bb6 {[%emt 0:00:26]} 39. Nf6 {[%emt 0:00:31]} Bc5 {[%emt 0:01:17]} 40. Nxg8 {[%emt 0:00:44]} Kxg8 {[%emt 0:00:01]} 41. Rh1 {[%emt 0:00:49]} Kg7 {[%emt 0:00:13]} 42. Ra1 {[%emt 0:00:57]} Kf6 {[%emt 0:00:12]} 43. Kf3 {[%emt 0:00:19]} Bb6 {[%emt 0:00:34]} 44. Ke2 {[%emt 0:00:25]} Bc5 {[%emt 0:01:03]} 45. Kd3 {[%emt 0:00:15]} Kg7 {[%emt 0:00:29]} 46. Kc4 {[%emt 0:00:14]} Kf6 {[%emt 0:00:10]} 47. Kd5 {[%emt 0:00:34]} Kg7 {[%emt 0:00:28]} 48. g5 {[%emt 0:00:27]} Kg8 {[%emt 0:00:01]} 49. Rh1 {[%emt 0:02:19]} Kg7 {[%emt 0:00:18]} 50. Bc8 {[%emt 0:02:28]} Kg8 {[%emt 0:01:11]} 51. Rh6 {[%emt 0:00:12]} Kg7 {[%emt 0:00:27]} 52. Rxd6 {[%emt 0:00:38]} 1-0

[Event "CAT-chT Honor Division 2019"]
[Site "Catalonia"]
[Date "2019.02.23"]
[Round "6.7"]
[White "Leiro Giralt, Daniel"]
[Black "Vinardell Cruanas, Sergi"]
[Result "1/2-1/2"]
[WhiteElo "2174"]
[BlackElo "2165"]
[Annotator "NA"]
[PlyCount "37"]
[EventDate "2019.01.16"]
[EventType "team-tourn"]
[EventCountry "ESP"]
[SourceTitle "playchess.com"]
[Source "ChessBase"]
[SourceQuality "1"]
[WhiteTeam "CE Tres Peons"]
[BlackTeam "CE Olot"]
[TimeControl "5400+30"]

1. e4 c5 2. Nc3 d6 3. Nge2 Nc6 4. g3 g6 5. d4 cxd4 6. Nxd4 Nf6 7. Bg2 Nxd4 8. Qxd4 Bg7 9. Bg5 h6 10. Be3 O-O 11. Qd2 Ng4 12. Bd4 e5 13. Be3 Be6 14. O-O Nxe3 15. Qxe3 Qc7 16. Rfd1 a6 17. Rd2 b5 18. Qd3 Rfd8 19. a4 1/2-1/2

[Event "CAT-chT Honor Division 2019"]
[Site "Catalonia"]
[Date "2019.02.23"]
[Round "6.7"]
[White "Gonzalez Vericat, Sergio"]
[Black "Morros Faura, Ricard"]
[Result "0-1"]
[WhiteElo "2122"]
[BlackElo "2189"]
[Annotator "NA"]
[PlyCount "82"]
[EventDate "2019.01.16"]
[EventType "team-tourn"]
[EventCountry "ESP"]
[SourceTitle "playchess.com"]
[Source "ChessBase"]
[SourceQuality "1"]
[WhiteTeam "Gerunda"]
[BlackTeam "Mollet"]
[TimeControl "5400+30"]

1. b3 e5 {[%emt 0:00:00]} 2. Bb2 {[%emt 0:00:00]} Nc6 {[%emt 0:00:09]} 3. e3 {[%emt 0:00:07]} Nf6 4. Bb5 {[%emt 0:00:27]} Bd6 {[%emt 0:01:17]} 5. Na3 Na5 {[%emt 0:01:11]} 6. Be2 {[%emt 0:00:43]} a6 {[%emt 0:02:12]} 7. c4 {[%emt 0:00:24]} O-O {[%emt 0:07:17]} 8. Nc2 {[%emt 0:03:33]} Re8 {[%emt 0:05:34]} 9. d4 {[%emt 0:10:03]} Nc6 {[%emt 0:10:08]} 10. c5 {[%emt 0:02:46]} Bf8 {[%emt 0:00:19]} 11. d5 {[%emt 0:15:34]} Ne7 {[%emt 0:01:31]} 12. Bc4 {[%emt 0:01:42]} Ng6 {[%emt 0:02:52]} 13. b4 {[%emt 0:02:38]} d6 {[%emt 0:02:54]} 14. cxd6 {[%emt 0:02:45]} Bxd6 {[%emt 0:00:08]} 15. Ne2 {[%emt 0:01:36]} Nh4 {[%emt 0:23:01]} 16. Rg1 {[%emt 0:09:52]} Bf5 {[%emt 0:08:06]} 17. a3 {[%emt 0:03:15]} Be4 {[%emt 0:03:42]} 18. f3 {[%emt 0:13:00]} Bxf3 19. gxf3 {[%emt 0:00:08]} Nxf3+ {[%emt 0:00:25]} 20. Kf2 {[%emt 0:00:19]} Nxh2 {[%emt 0:08:04]} 21. Ng3 {[%emt 0:02:54]} Nfg4+ {[%emt 0:03:09]} 22. Ke1 {[%emt 0:08:00]} Qh4 {[%emt 0:06:49]} 23. e4 {[%emt 0:05:17]} f5 {[%emt 0:00:02]} 24. Kd2 {[%emt 0:01:18]} fxe4 {[%emt 0:00:37]} 25. Nxe4 {[%emt 0:01:22]} Nf2 {[%emt 0:08:40]} 26. Nxf2 {[%emt 0:01:27]} Qxf2+ {[%emt 0:00:08]} 27. Kc3 {[%emt 0:01:01]} Rf8 {[%emt 0:01:02]} 28. Kb3 {[%emt 0:02:37]} Nf3 {[%emt 0:00:10]} 29. Rg4 {[%emt 0:01:57]} h5 {[%emt 0:00:34]} 30. Rg6 {[%emt 0:02:04]} Nd2+ {[%emt 0:00:19]} 31. Ka2 {[%emt 0:01:06]} Nxc4 {[%emt 0:00:26]} 32. Qxh5 {[%emt 0:00:14]} Qxc2 {[%emt 0:04:05]} 33. Rxg7+ {[%emt 0:00:06]} Kxg7 {[%emt 0:00:04]} 34. Rg1+ {[%emt 0:00:17]} Kf6 {[%emt 0:00:07]} 35. Qg5+ {[%emt 0:06:20]} Kf7 {[%emt 0:00:08]} 36. Rf1+ {[%emt 0:01:03]} Ke8 {[%emt 0:00:13]} 37. Rxf8+ {[%emt 0:01:58]} Kxf8 {[%emt 0:00:28]} 38. Qh6+ {[%emt 0:00:06]} Kf7 {[%emt 0:01:02]} 39. Qe6+ {[%emt 0:00:09]} Kg7 {[%emt 0:00:12]} 40. Qd7+ {[%emt 0:00:10]} Kf6 {[%emt 0:00:14]} 41. Qe6+ {[%emt 0:00:05]} Kg5 {[%emt 0:00:07]} 0-1

[Event "CAT-chT Honor Division 2019"]
[Site "Catalonia"]
[Date "2019.02.23"]
[Round "6.8"]
[White "Lazaro Pujol, Abel"]
[Black "Gallart Zafra, Jaume"]
[Result "0-1"]
[WhiteElo "2242"]
[BlackElo "2167"]
[Annotator "NA"]
[PlyCount "194"]
[EventDate "2019.01.16"]
[EventType "team-tourn"]
[EventCountry "ESP"]
[SourceTitle "playchess.com"]
[Source "ChessBase"]
[SourceQuality "1"]
[WhiteTeam "CE Olot"]
[BlackTeam "CE Tres Peons"]
[TimeControl "5400+30"]

1. e4 c5 2. Nf3 d6 3. d4 cxd4 4. Nxd4 Nf6 5. Nc3 a6 6. Be2 e6 7. Be3 Nbd7 8. g4 Nc5 9. f3 b5 10. a3 Bb7 11. Qd2 Rc8 12. O-O-O Qa5 13. Kb1 Qc7 14. g5 Nfd7 15. h4 g6 16. h5 Rg8 17. hxg6 hxg6 18. Rh7 Nb6 19. Ncxb5 axb5 20. Bxb5+ Ke7 21. b4 Ncd7 22. Bxd7 Qxd7 23. Nf5+ gxf5 24. Bxb6 fxe4 25. Bc5 Rxc5 26. bxc5 Qb5+ 27. Kc1 Qxc5 28. Qf4 Qxa3+ 29. Kb1 Bg7 30. Rxg7 Rxg7 31. Qf6+ Ke8 32. Qxg7 Bd5 33. Qb2 Qxb2+ 34. Kxb2 exf3 35. Kc3 Be4 36. Kd2 Kd7 37. c3 d5 38. Ra1 Kd6 39. Ra7 Bg6 40. Ke3 Bh5 41. Ra8 Ke5 42. Rh8 Bg6 43. Rh4 Kf5 44. Kxf3 Kxg5 45. Ra4 Kf5 46. c4 dxc4 47. Rxc4 Ke5 48. Ra4 Kf5 49. Rf4+ Kg5 50. Rg4+ Kf6 51. Ra4 e5 52. Ke3 Kf5 53. Rb4 Kg5 54. Rb5 f6 55. Ra5 Bf5 56. Rb5 Bh3 57. Kf3 Bd7 58. Rc5 Kf5 59. Ke3 Ke6 60. Ra5 f5 61. Ra6+ Kd5 62. Ra5+ Kd6 63. Ra6+ Bc6 64. Ra5 f4+ 65. Ke2 Be4 66. Kf2 Ke6 67. Ke2 Kf5 68. Kf2 Bc2 69. Rc5 Bd3 70. Kf3 Be4+ 71. Kf2 Ke6 72. Ra5 Bc6 73. Ke2 e4 74. Rh5 Be8 75. Ra5 Kf6 76. Rc5 Bd7 77. Ra5 Bf5 78. Ra8 Kg5 79. Rg8+ Bg6 80. Kf2 Kf5 81. Rf8+ Ke5 82. Ra8 e3+ 83. Ke2 Bh5+ 84. Kd3 Bg6+ 85. Ke2 Kf5 86. Rf8+ Ke4 87. Ra8 f3+ 88. Kf1 Bf5 89. Re8+ Kd3 90. Rd8+ Kc2 91. Rf8 Bd3+ 92. Ke1 Be4 93. Rf7 Kd3 94. Rd7+ Kc3 95. Rd8 Kc4 96. Rd7 f2+ 97. Ke2 Bd3+ 0-1